The American system of government / (Record no. 184916)
[ view plain ]
| 000 -LEADER | |
|---|---|
| fixed length control field | 00837 a2200217 4500 |
| 003 - CONTROL NUMBER IDENTIFIER | |
| control field | Nust |
| 005 - DATE AND TIME OF LATEST TRANSACTION | |
| control field | 20221220104015.0 |
| 010 ## - LIBRARY OF CONGRESS CONTROL NUMBER | |
| LC control number | 80028563 |
| 020 ## - INTERNATIONAL STANDARD BOOK NUMBER | |
| International Standard Book Number | 0070205280 : |
| 040 ## - CATALOGING SOURCE | |
| Transcribing agency | Nust |
| 082 00 - DEWEY DECIMAL CLASSIFICATION NUMBER | |
| Classification number | 320.73,ZAK |
| 100 1# - MAIN ENTRY--PERSONAL NAME | |
| Personal name | Ferguson, John Henry, |
| 9 (RLIN) | 105295 |
| 245 14 - TITLE STATEMENT | |
| Title | The American system of government / |
| Statement of responsibility, etc. | John H. Ferguson, Dean E. McHenry. |
| 250 ## - EDITION STATEMENT | |
| Edition statement | 14th ed. |
| 260 ## - PUBLICATION, DISTRIBUTION, ETC. | |
| Place of publication, distribution, etc. | New York : |
| Name of publisher, distributor, etc. | McGraw-Hill, |
| Date of publication, distribution, etc. | c1981. |
| 300 ## - PHYSICAL DESCRIPTION | |
| Extent | viii, 840 p. : |
| Other physical details | ill. ; |
| Dimensions | 24 cm. |
| 505 ## - FORMATTED CONTENTS NOTE | |
| Formatted contents note | Postscript (Page-1), How I Survived on December 20 (Page-9), Returns Home a Wreek (Page-21), Betray and Sycophancy all around (Page-32), Interior of the Inferno (Page-42), A Crowd is not Company (Page-56). |
| 651 #0 - SUBJECT ADDED ENTRY--GEOGRAPHIC NAME | |
| Geographic name | United States |
| General subdivision | Politics and government. |
| 9 (RLIN) | 8166 |
| 700 1# - ADDED ENTRY--PERSONAL NAME | |
| Personal name | McHenry, Dean Eugene, |
| Dates associated with a name | 1910- |
| 9 (RLIN) | 105296 |
| 942 ## - ADDED ENTRY ELEMENTS (KOHA) | |
| Source of classification or shelving scheme | |
| Koha item type | Book |
| Call number prefix | 320.73,ZAK |
| Withdrawn status | Lost status | Source of classification or shelving scheme | Damaged status | Not for loan | Permanent Location | Current Location | Shelving location | Date acquired | Full call number | Barcode | Date last seen | Price effective from | Koha item type | Public note |
|---|---|---|---|---|---|---|---|---|---|---|---|---|---|---|
| Military College of Signals (MCS) | Military College of Signals (MCS) | General Stacks | 12/12/2016 | 320.73,ZAK | MCS29487 | 12/08/2016 | 12/12/2016 | Book | Almirah No.49 Shelf No.4 |
